Pokémon - Les attaques de Germignon - Statistiques

Statistiques générales
  • Ce quiz a été pris 43 fois
    14 depuis la dernière actualisation
  • Le résultat moyen est 7 sur 14
Statistiques - réponses
Niveaux Types Noms des attaques % Correct
Départ Normal Charge
91%
Niveau 6 Plante Tranch'Herbe
91%
Niveau 45 Plante Lance-Soleil
82%
Niveau 34 Normal Plaquage
55%
Départ Normal Rugissement
55%
Niveau 23 Plante Vampigraine
55%
Niveau 31 Psy Mur Lumière
45%
Niveau 28 Normal Doux Parfum
36%
Niveau 20 Plante Feuille Magik
36%
Niveau 42 Plante Giga-Sangsue
36%
Niveau 9 Poison Poudre Toxik
36%
Niveau 17 Psy Protection
36%
Niveau 12 Plante Synthèse
36%
Niveau 39 Normal Rune Protect
0%
Aucun quiz correspondant
Distribution des résultats
% des personnes avec chaque résultat
Percentile par nombre de réponses
Votre historique - résultats
Vous n’avez pas pris ce quiz depuis la dernière actualisation